000 01946cam a22005174i 4500
003 PE-LiUPU
005 20250731165641.0
008 150616s r 000 0 d
020 _a0897572025
035 _a(Sirsi) i9780897572026
040 _aPE-LiUPU
_bspa
_cPE-LiUPU
_erda
049 _aPRUA
082 0 4 _a933.008
_bR
_221
110 2 _aAmerican Schools of Oriental Research
245 1 4 _aThe Early Bronze Age Citadel and Lower City at Ai (Et-Tell) A Report of the Joint Archeological expedition to Ai (Et-Tell).
264 1 _aCambridge, Massachussetts :
_bAmerican Schools of Oriental Research,
_c1980.
300 _a295 páginas :
_bIlustraciones ;
_c28 centímetros
336 _atext
_2rdacontent
337 _aunmediated
_2rdamedia
338 _avolume
_2rdacarrier
490 0 _aA Report of the Joint Archeological Expedition to Ai (Et-Tell) Excavation Reports ;
_v2
504 _aIncluye bibliografía.
505 0 _aAi (Et-Tell) y sus excavaciones arqueológicas Arqueología.
526 _aSEG44
526 _aSEG26
526 _aP151
526 _aP150
526 _aP149
526 _aP146
526 _aP145
526 _aP126
526 _aP125
526 _aP92
526 _aP75
526 _aP74
526 _aP27
526 _aP15
651 _aAi (Et-Tell)
_xArqueología.
910 _ajck
_bjvq
_cjck
942 _2ddc
_cBOOK
949 _aRC 933.008 R
_wDEWEY
_c1
_i40599
_lCCODEBUL1
_mBUL
_r0
_sY
_tBOOK
_u2015-6-16
_xEDUCACION
_zUNKNOWN
_0COMPRA
_o.CIRCNOTE. No olvidar cambiar la fecha de devolución!!!!!!!
_o.STAFF. Colección General
994 _aC0
_bPEPRU
596 _a1
999 _aRC 933.008 R
_wDEWEY
_c58384
_i40599
_f2021-11-8
_g5
_lCCODEBUL1
_mBUL
_r1
_sY
_tBOOK
_u2015-6-16
_xTEOLOGIA
_zUNKNOWN
_0COMPRA
_o.CIRCNOTE. No olvidar cambiar la fecha de devolución!!!!!!!
_o.STAFF. Colección General
_d58384
980 _81
_gALBERTO SANCHEZ Responsable de Automatización